Future directions in British Urban Policy (Record no. 44247)

MARC details
000 -LEADER
fixed length control field 00543nam a2200133 a 4500
008 - FIXED-LENGTH DATA ELEMENTS--GENERAL INFORMATION
fixed length control field 120416s1976 ||||||||||||||||| || u
050 ## - LIBRARY OF CONGRESS CALL NUMBER
Classification number HT 133 Cal
245 10 - TITLE STATEMENT
Title Future directions in British Urban Policy
246 ## - VARYING FORM OF TITLE
Title proper/short title California University. Los Angeles School of Architecture and Urban Planning
260 ## - PUBLICATION, DISTRIBUTION, ETC.
Place of publication, distribution, etc. Los Angeles, CA.
Name of publisher, distributor, etc. Univ. of CA. P
Date of publication, distribution, etc. 1976
300 ## - PHYSICAL DESCRIPTION
Extent 28p.
350 ## - PRICE (NR) (BK AM CF MU VM SE) [OBSOLETE]
Price 0.00
995 ## - RECOMMENDATION 995 [LOCAL, UNIMARC FRANCE]
-- 0.00
-- CBU-MAIN LIBRARY (Kitwe)
-- 1
-- 0.00
-- 1
-- AVAILABLE
-- Annex Low-Usage Collection
Holdings
Withdrawn status Lost status Source of classification or shelving scheme Damaged status Not for loan Home library Current library Shelving location Date acquired Total Checkouts Full call number Barcode Date last seen Price effective from Koha item type
          CBU-MAIN LIBRARY, KITWE. CBU-MAIN LIBRARY, KITWE.   11/30/2022   HT 133 Cal 008623 11/30/2022 11/30/2022 MONOGRAPH